000 nam a22 7a 4500
999 _c10565
_d10565
008 180219b ||||| |||| 00| 0 eng d
100 _aKumar,H.
_96468
245 _aMega Computer in Easy Steps-V
260 _aNew Delhi
_bPrime Publishing
_c2007